LEADER 01279nam a2200385 i 4500 001 991003673999707536 005 20021220115228.0 008 020419s2001 uk ||| | eng 020 $a1852336188 035 $ab11846549-39ule_inst 035 $aLE01313141$9ExL 040 $aDip.to Matematica$beng 082 0 $a515.9 084 $aAMS 30C85 084 $aAMS 31-02 084 $aAMS 31A05 084 $aAMS 31B05 084 $aAMS 31B15 084 $aAMS 31B25 084 $aAMS 41A30 084 $aLC QA404.7.A65 100 1 $aArmitage, David H.$0516329 245 10$aClassical potential theory /$cDavid H. Armitage, Stephen J. Gardiner 260 $aLondon :$bSpringer-Verlag,$cc2001 300 $axvi, 333 p. ;$c24 cm 490 0 $aSpringer monographs in mathematics 500 $aIncludes bibliographical references (p. 317-327) and indexes 650 4$aPotential theory (Mathematics) 700 1 $aGardiner, Stephen J. 907 $a.b11846549$b28-04-17$c20-12-02 912 $a991003673999707536 945 $aLE013 31-XX ARM11 (2001)$g1$i2013000134130$lle013$o-$pE0.00$q-$rl$s- $t0$u0$v0$w0$x0$y.i12098863$z20-12-02 996 $aClassical potential theory$9900133 997 $aUNISALENTO 998 $ale013$b01-01-02$cm$da $e-$feng$guk $h0$i1 LEADER 00929nam 2200241-- 4500 001 991004325038507536 005 20240603120437.0 008 240603s1982----it e b 001 edita 040 $aBibl. Dip.le Aggr. Scienze Umane e Sociali - Sez. Studi Storici 082 04$a610.945 100 1 $aRasori, Giovanni$0466531 245 10$aScienza medica e giacobinismo in Italia :$bl'impresa politico-culturale di Giovanni Rasori, 1796-1799 /$cGiovanni Rasori ; a cura di Giorgio Cosmacini 260 $aMilano$bF. Angeli$c[1982] 300 $a130 p. ;$c22 cm 490 1 $aLa società italiana moderna e contemporanea ;$v8 500 $aCon un'antologia di testi di Giovanni Rasori e Pietro Moscati 600 14$aRasori, Giovanni 650 4$aMedicina$xStoria 700 1 $aCosmacini, Giorgio 700 1 $aMoscati, Pietro 912 $a991004325038507536 996 $aScienza medica e giacobinismo in Italia$94164857 997 $aUNISALENTO LEADER 01254nas 2200385 c 450 001 9910893566803321 005 20260218110915.0 011 $a2447-1607 035 $a(CKB)5280000000195244 035 $a(DE-101)1173364927 035 $a(DE-599)ZDB2953720-4 035 $a(DE-599)2953720-4 035 $a(EXLCZ)995280000000195244 100 $a20181213a20139999 |y | 101 0 $apor 135 $aur||||||||||| 181 $ctxt$2rdacontent 182 $cc$2rdamedia 183 $acr$2rdacarrier 200 00$aBoletim Eletro?nico da Sociedade Brasileira de Histo?ria da Cie?ncia 210 31$aRio de Janeiro$cSBHC, Sociedade Brasileira de Histo?ria da Cie?ncia$d[novembro 2013]- 215 $aOnline-Ressource 300 $aGesehen am 13.12.2018 606 $aWissenschaft$3(DE-588)4066562-8$3https://d-nb.info/gnd/4066562-8$3(DE-101)040665623$2gnd 608 $aZeitschrift$2gnd-content 615 7$aWissenschaft. 676 $a900 712 02$aSociedade Brasileira de Histo?ria da Cie?ncia$4isb 801 0$b0019 801 1$bDE-101 801 2$b0019 906 $aJOURNAL 912 $a9910893566803321 996 $aBoletim Eletro?nico da Sociedade Brasileira de Histo?ria da Cie?ncia$94261813 997 $aUNINA